Three days at Delhi:the capital of India (Record no. 413981)

000 -LEADER
fixed length control field 00352cam a22001217a 4500
008 - FIXED-LENGTH DATA ELEMENTS--GENERAL INFORMATION
fixed length control field 180718b1923 xxu||||| |||| 00| 0 eng d
082 ## - DEWEY DECIMAL CLASSIFICATION NUMBER
Classification number A72x546 N443
100 ## - MAIN ENTRY--PERSONAL NAME
Personal name Newell,Major H.A.
245 ## - TITLE STATEMENT
Title Three days at Delhi:the capital of India
Statement of responsibility, etc. by Major H.A.Newell
260 ## - PUBLICATION, DISTRIBUTION, ETC.
Place of publication, distribution, etc. London
Name of publisher, distributor, etc. Harrison
Date of publication, distribution, etc. 1923
300 ## - PHYSICAL DESCRIPTION
Extent 94p.
650 ## - SUBJECT ADDED ENTRY--TOPICAL TERM
Topical term or geographic name entry element Delhi (India) -Guidebooks
Holdings
Withdrawn status Lost status Damaged status Not for loan Permanent Location Current Location Date acquired Full call number Barcode Date last seen Price effective from Koha item type
        Indian Institute of Public Administration Indian Institute of Public Administration 2009-02-20 A72x546 N443 12877 2018-07-21 2018-07-21 Book

Powered by Koha